Healing in the history of Christianity

Αποθηκεύτηκε σε:
Λεπτομέρειες βιβλιογραφικής εγγραφής
Κύριος συγγραφέας: Porterfield, Amanda 1947-
Μορφή: Βιβλίο
Γλώσσα:English
Δημοσίευση: Oxford : Oxford University Press, 2005
Θέματα:
Ετικέτες: Προσθήκη ετικέτας
Δεν υπάρχουν, Καταχωρήστε ετικέτα πρώτοι!

MARC

LEADER 00000nam a2200000 i 4500
001 1/95040
008 081008s2005 eng d
020 |a 978-0-19-515718-5 
020 |a 0-19-515718-4 
035 |l 10100694 
040 |a GR-MY-UA  |b gre  |e aacr 
041 0 |a eng 
082 0 |a 234.131  |2 (22) 
100 1 |a Porterfield, Amanda  |d 1947- 
245 1 0 |a Healing in the history of Christianity /  |c Amanda Porterfield 
260 |a Oxford :   |b Oxford University Press,   |c 2005 
300 |a viii, 218 σ.;  |c 24 εκ. 
504 |a Βιβλιογραφία: σ. [187]-207 
504 |a Ευρετήριο: σ. [209]-218 
650 0 0 |a Spiritual healing. 
650 0 0 |a Healing  |x Religious aspects  |x Christianity. 
650 0 0 |a Miracles. 
650 0 0 |a Healing in the Bible. 
852 |a INST  |b LESVOS  |e 20081008  |h 234.131 POR  |p 005100043220  |q 005100043220  |t BK  |y 0 
901 |a BIBL1-2008-3 
909 |a Λ  |b 152231 
922 |a 1ΕΛΗ  |b 200803  |c ΕΠΕΑΕΚ2/ΤΚΑ  |d ΕΛΕΥΘΕΡΟΥΔΑΚΗΣ 
970 |a ΚΑΡΑ  |b ΓΙΑΣΕΜΗ  |z 2008/10/08